000 00474cam a2200145 4500500
005 20251012010614.0
041 _afre
042 _adc
100 1 0 _aPastorini, Chiara
_eauthor
245 0 0 _aRoberto Toscano: altérité et diplomat​ie
260 _c2009.
500 _a44
786 0 _nPhilosophie magazine | 28 | 4 | 2009-04-01 | p. 40-40 | 1951-1787
856 4 1 _uhttps://shs.cairn.info/magazine-philosophie-magazine-2009-4-page-40?lang=fr&redirect-ssocas=7080
999 _c1519891
_d1519891